|
|
|
|
| LEADER |
00892nam a2200217 a 4500 |
| 001 |
000601557 |
| 003 |
CZ BrMZK |
| 005 |
20040322135259.0 |
| 008 |
020521s1980 xr f cze d |
| 040 |
|
|
|a BOA001
|b cze
|c BOA001
|
| 080 |
|
|
|a 885.0"19":92Holan
|2 MRF
|
| 100 |
1 |
|
|a Holan, Vladimír,
|d 1905-1980
|7 jk01041653
|4 aut
|
| 245 |
1 |
0 |
|a Podzim III /
|c Vladimír Holan ; dřevořez Pavla Herynka ; poznámku napsal a k tisku připravil Josef Glivický
|
| 260 |
|
|
|a Kladno
|f (Tiskárna J. Cipra)
|c 1980
|
| 300 |
|
|
|a 1 nestránkovaný sv.
|
| 563 |
|
|
|a Bibliofilský tisk na ručním lise
|
| 700 |
1 |
|
|a Herynek, Pavel,
|d 1943-
|7 jn20000400939
|4 wde
|
| 700 |
1 |
|
|a Glivický, Josef,
|d 1903-1991
|7 jk01032468
|4 ann
|4 edt
|
| 910 |
|
|
|a BOA001
|b Bf1-0832.040
|
| 990 |
|
|
|a BK
|
| 996 |
6 |
|
|b 2618846386
|c Bf1-0832.040
|l Stud. starých tisků/4.patro
|r Sklad / do násl. otevíracího dne
|n 0
|w 000601557
|u 000010
|a 1
|e BOA001
|j MZK50
|s P
|